L'archaïque : Création et psychanalyse (notice n° 1567395)

détails MARC
000 -LEADER
fixed length control field 01410cam a2200145 4500500
005 - DATE AND TIME OF LATEST TRANSACTION
control field 20251214002753.0
041 ## - LANGUAGE CODE
Language code of text/sound track or separate title fre
042 ## - AUTHENTICATION CODE
Authentication code dc
100 10 - MAIN ENTRY--PERSONAL NAME
Personal name Brun, Anne
Relator term author
245 00 - TITLE STATEMENT
Title L'archaïque : Création et psychanalyse
260 ## - PUBLICATION, DISTRIBUTION, ETC.
Name of publisher, distributor, etc. Armand Colin,<br/>
Date of publication, distribution, etc. 2013.<br/>
520 ## - SUMMARY, ETC.
Summary, etc. Cet ouvrage se propose d’explorer les parts inconscientes originelles du psychisme qui se manifestent au sein du processus de création. L’approche psychanalytique met en lumière la résurgence et la mobilisation des éléments archaïques dans une matière externe, qu’elle soit graphique, picturale ou verbale. Un parcours à travers la littérature (Kubin, Liscano, Lautréamont, Bernhard), les performances de l’art contemporain ou les œuvres plastiques (Tàpies, Miró, Barcelo, Nebreda, Balthus), nous permet de comprendre comment le créateur symbolise les éléments bruts et chaotiques de sa matière première psychique. L’œuvre paradoxalement crée son créateur, comme elle crée aussi son récepteur, au sens où elle met en forme des parties infigurables de soi. L’ensemble de ces études cliniques, par leur richesse et leur diversité, offre un intérêt majeur aussi bien pour les jeunes chercheurs en psychopathologie que pour les praticiens. 
700 10 - ADDED ENTRY--PERSONAL NAME
Personal name Chouvier, Bernard
Relator term author
856 41 - ELECTRONIC LOCATION AND ACCESS
Uniform Resource Identifier <a href="https://shs.cairn.info/l-archaique--9782200285531?lang=fr&redirect-ssocas=7080">https://shs.cairn.info/l-archaique--9782200285531?lang=fr&redirect-ssocas=7080</a>

Pas d'exemplaire disponible.

PLUDOC

PLUDOC est la plateforme unique et centralisée de gestion des bibliothèques physiques et numériques de Guinée administré par le CEDUST. Elle est la plus grande base de données de ressources documentaires pour les Étudiants, Enseignants chercheurs et Chercheurs de Guinée.

Adresse

627 919 101/664 919 101

25 boulevard du commerce
Kaloum, Conakry, Guinée

Réseaux sociaux

Powered by Netsen Group @ 2025